| 000 | 00752nam a2200229Ia 4500 | ||
|---|---|---|---|
| 003 | IN-BaIIA | ||
| 008 | 211028s9999 xx 000 0 eng d | ||
| 020 | _a978-3-642-41529-6 | ||
| 040 | _cIIA Library | ||
| 080 |
_a52(082.1) _bASS-403 |
||
| 100 |
_aRoederer, Juan G _936241 |
||
| 245 | 0 |
_aDynamics of magnetically trapped particles _bfoundations of the physics of radiation belts and space plasmas _cJuan G Roederer and Hui Zhang |
|
| 250 | _a2nd ed. | ||
| 260 |
_aHeidelberg _bSpringer _c2014 |
||
| 300 | _axviii, 192p. | ||
| 490 | _aAstrophysics and space science library; v. 403 | ||
| 650 |
_aMagnetohydrodynamics _91666 |
||
| 650 |
_aRadiation belts _936242 |
||
| 650 |
_aSpace plasmas _910937 |
||
| 700 |
_aZhang, Hui _936243 |
||
| 942 | _cBK | ||
| 999 |
_c18986 _d18986 |
||